| 000 | 00724nam a2200217Ia 4500 | ||
|---|---|---|---|
| 003 | GCL | ||
| 008 | 140319s9999 xx 000 0 ara d | ||
| 040 |
_aGCL / _cGCL |
||
| 082 | 0 | 4 |
_a006.66 _bا ب |
| 100 | 1 | _aفاروق محمد العامرى | |
| 245 | 1 | 0 |
_aبرمجة ومعالجة الصورة / _cفاروق محمد العامرى |
| 700 | 1 | _aاحمد امين الششتاوى | |
| 250 | _aالاولى | ||
| 260 |
_aالقاهرة : _bمركز ناصر للدراسات الالكترونية ، _c1997 |
||
| 490 |
_aموسوعة الششتاوى _v0 |
||
| 650 | 0 | 4 | _aالحاسبات الالكترونية |
| 650 | 0 | 4 | _aالبرمجة |
| 650 | 0 | 4 | _aالصور |
| 650 | 0 | 4 | _aالنظم |
| 942 |
_2ddc _cBK |
||
| 999 |
_c10002 _d10002 |
||